Reconocimiento y ejecución en Chile de sentencias extranjeras: exequátur, exhortos internacionales, sentencias arbitrales, tratados internacionales y jurisprudencia
محفوظ في:
| المؤلف الرئيسي: | |
|---|---|
| التنسيق: | كتاب |
| اللغة: | الإسبانية |
| منشور في: |
Santiago
Legal Publishing
2008
|
| الطبعة: | 3a. ed |
| الموضوعات: | |
| الوسوم: |
إضافة وسم
لا توجد وسوم, كن أول من يضع وسما على هذه التسجيلة!
|
MARC
| LEADER | 00000nam a2200000 a 4500 | ||
|---|---|---|---|
| 001 | UCI8224 | ||
| 003 | CL-VaPUC | ||
| 008 | 080813e20080000CL |||||||||||||||||spa|d | ||
| 020 | |a 9789562387774 | ||
| 082 | 0 | 4 | |a 341.026 |b MON |2 21 |
| 100 | |a Monsálvez Müller, Aldo |e autor |9 531746 | ||
| 245 | 1 | 0 | |a Reconocimiento y ejecución en Chile de sentencias extranjeras: exequátur, exhortos internacionales, sentencias arbitrales, tratados internacionales y jurisprudencia |
| 250 | |a 3a. ed | ||
| 300 | |a 199 p | ||
| 942 | |c BK | ||
| 945 | |d 20080813 00:00:00 |a jtorresc | ||
| 260 | |a Santiago |b Legal Publishing |c 2008 | ||
| 650 | 0 | |a Derecho internacional privado |9 256361 | |
| 650 | 0 | |a Derecho procesal penal |9 255496 | |
| 650 | 0 | |a Jurisprudencia |9 255952 | |
| 650 | 0 | |a Relaciones Internacionales |9 255740 | |
| 650 | 0 | |a Sentencias |9 256250 | |
| 650 | 0 | |a Tratados internacionales |9 256056 | |
| 650 | 0 | |a Tribunales |9 254872 | |
| 650 | 0 | |a Tribunales internacionales |9 256072 | |
| 583 | |a last modification |c 20080813 00:00:00 |k Rodrigo Vera | ||
| 999 | |c 331243 |d 331241 | ||
| 952 | |0 0 |1 0 |4 0 |6 341_026000000000000_MON_2008 |7 0 |8 A |9 417531 |a BIBDER |b BIBDER |d 2019-11-22 |i 4472837 |l 2 |m 1 |o 341.026 MON 2008 |p 4472837 |r 2025-04-30 |s 2025-04-25 |w 2019-11-22 |y BK |k DER | ||